|
|
|
|
| LEADER |
01495nam a2200349 a 4500 |
| 001 |
17586 |
| 003 |
BD-DhAAL |
| 005 |
20140604121534.0 |
| 008 |
140604s1989 orua b 001 0 eng d |
| 010 |
|
|
|a 88008117
|
| 020 |
|
|
|a 0934871102
|
| 020 |
|
|
|a 0934971048 (pbk.)
|
| 040 |
|
|
|a DLC
|c DLC
|d DLC
|d BD-DhAAL
|
| 041 |
|
|
|a eng
|
| 050 |
0 |
0 |
|a PS153.A84
|b F66 1989
|
| 082 |
0 |
0 |
|a 810/.8/09287
|2 19
|
| 245 |
0 |
4 |
|a The Forbidden stitch :
|b an Asian American women's anthology /
|c edited by Shirley Geok-Lin Lim, Mayumi Tsutakawa, Margarita Donnelly (managing editor).
|
| 260 |
|
|
|a Corvallis, OR :
|b Calyx Books,
|c c1989.
|
| 300 |
|
|
|a 290 p. :
|b ill. ;
|c 22 cm.
|
| 500 |
|
|
|a "Also published as vol. 11, #2 & 3 of Calyx, a journal of art and literature by women, ISSN 0147-1627."
|
| 504 |
|
|
|a Bibliography: p. 272-290.
|
| 541 |
|
|
|e 17586
|
| 650 |
|
0 |
|a American literature
|x Asian American authors.
|9 4692
|
| 650 |
|
0 |
|a American literature
|x Women authors.
|9 4415
|
| 650 |
|
0 |
|a American literature
|y 20th century.
|9 4693
|
| 650 |
|
0 |
|a Asian American women
|x Literary collections.
|9 4694
|
| 700 |
1 |
|
|a Lim, Shirley.
|9 4695
|
| 700 |
1 |
|
|a Tsutakawa, Mayumi.
|9 4696
|
| 700 |
1 |
|
|a Donnelly, Margarita.
|9 4697
|
| 942 |
|
|
|2 ddc
|c BK
|
| 999 |
|
|
|c 14380
|d 14380
|
| 952 |
|
|
|0 0
|1 0
|2 ddc
|4 1
|6 810_809287000000000_FOR
|7 0
|9 24378
|a ENH
|b ENH
|c GEN
|d 2014-06-04
|l 0
|o 810.809287 FOR
|p 3010017586
|r 2014-06-04
|t 1
|w 2014-06-04
|y BK
|x Departmental-issued damaged books were found in the ENH department for the reason of termites eaten in 2016
|